| 000 | 00570nam a2200181Ia 4500 | ||
|---|---|---|---|
| 999 |
_c10966 _d10966 |
||
| 003 | OSt | ||
| 005 | 20191224125718.0 | ||
| 008 | 190216s9999||||xx |||||||||||||| ||und|| | ||
| 020 | _a9780195672312 | ||
| 040 | _coclc | ||
| 082 |
_a339.0954 _bAHL/M |
||
| 100 |
_aAhluwalia, Montek S _9729 |
||
| 245 | 0 |
_aMacroeconomics And Monetary Policy / _c Montek S Ahluwalia ; Y V Reddy ; S S Tarapore |
|
| 260 |
_bOxford University Press, _aNew Delhi: _c2002. |
||
| 300 | _a345p | ||
| 650 | _aEconomics | ||
| 942 |
_cBK _2ddc _h339.0954 _iAHL/M _k339.0954 _mAHL/M |
||